UD Almería 2025/26 - Estadísticas

Estadísticas generales
  • Esta prueba ha sido intentada 24 veces
    19 desde el último reinicio
  • La puntuación promedio es 19 de 26
Estadísticas de respuestas
Dorsal Jugador % Correcto
20 Álex Centelles
94%
21 Chumi
94%
13 Fernando Martínez
94%
11 Sergio Arribas
94%
23 Adrián Embarba
88%
12 Léo Baptistão
88%
24 Miguel de la Fuente
88%
5 Rodrigo Ely
88%
1 Andrés Fernández
81%
2 Arnau Puigmal
81%
18 Federico Bonini
75%
14 Iddrisu Baba
75%
10 Nico Melamed
75%
29 Stefan Džodić
75%
3 Álex Muñoz
69%
22 Daijiro Chirino
69%
17 Dion Lopy
69%
7 Jon Morcillo
69%
9 Thalys Henrique
69%
6 André Horta
56%
31 Bruno Iribarne
56%
8 Gui Guedes
56%
16 Marcos Luna
56%
19 Patrick Soko
56%
4 Nélson Monte
50%
32 Pedro Fidel Cedillo
25%
No se encontraron pruebas coincidentes
Distribución de puntuación
Porcentaje de gente con cada puntuación
Porcentaje por número respondido
Historial de tus puntuaciones
No has intentado esta prueba desde el último reinicio